000 00318nam a2200109Ia 4500
008 171211s9999 xx 000 0 und d
245 _aEconomic Depressions: Their Cause and Cure (LvMI)
245 _cMurray N. Rothbard
260 _c2011
650 _xECONOMICS
856 _uhttp://down.ebook777.com/063/1933550503.pdf
999 _c349575
_d349575